00519nam a2200193 a 4500001001300000003000900013005001700022008004100039020002300080082001700103100002300120245004500143260003200188300000900220500003500229505001000264650002800274700002300302nice12345678IN_TiNIC20260116013708.0050524s1997 dela grp 000 0 eng  a0670961 c29500a954.092bHAS aHashmi, Qamar Azad aFifth Flameb the Story of Safdar Hashmi aDelhibPenguin Books c1997 a307p aincludes index and biblioraphy2 aIndex aSafdar Hashmi-Biography1 aHashmi, Qamar Azad